000 01825cam a22004694a 4500
001 muse85050
003 MdBmJHUP
005 20210127151633.0
006 m o d
007 cr||||||||nn|n
008 000425s2000 mx o 00 0 spa d
010 _z 00315613
020 _a9786076287880
020 _z968120820X
020 _z9789681208202
035 _a(OCoLC)652374505
040 _aMdBmJHUP
_cMdBmJHUP
043 _an-mx---
050 0 4 _aHE311.M62
_bM4935 2000
100 1 _aIslas Rivera, Víctor.
245 1 0 _aLlegando tarde al compromiso
_bla crisis del transporte en la Ciudad de México /
_cVíctor Islas Rivera.
264 1 _bEl Colegio de Mexico, Centro de Estudios Demográficos y de Desarrollo Urbano, Programa sobre Ciencia, Tecnología y Desarrollo,
264 3 _bProject MUSE,
300 _a1 online resource (603 p.)
504 _aIncludes bibliographical references (p. [595]-603).
506 0 _aOpen Access
_fUnrestricted online access
_2star
588 _aDescription based on print version record.
650 0 _aAir
_xPollution
_zMexico
_zMexico City.
650 0 _aTransportation and state
_zMexico
_zMexico City.
650 0 _aTransportation
_xEnvironmental aspects
_zMexico
_zMexico City.
650 0 _aLocal transit
_xEnvironmental aspects
_zMexico
_zMexico City.
650 0 _aLocal transit
_zMexico
_zMexico City.
650 0 _aTransportation
_zMexico
_zMexico City.
655 7 _aElectronic books.
_2local
710 2 _aProject Muse.
_edistributor
830 0 _aBook collections on Project MUSE.
856 4 0 _zFull text available:
_uhttps://muse.jhu.edu/book/74685/
999 _c26490
_d26490